00357nam a2200145Ia 4500008004100000020001500041041001200056082001100068100001700079245006400096250000800160260002500168300001000193650000800203221030s9999 xx 000 0 und d a0070601704 aEnglish a105.23 aT. Veerrajan 0aProbability, Statistics & Random Processescby T. Veerrajan a2nd bTMHaNew Delhic2009 a10.35 aECE